000 00592nam a2200181Ia 4500
003 GCL
008 140319s9999 xx 000 0 ara d
040 _aGCL /
_cGCL
082 0 4 _aط
_b210.92
_bع ا
100 1 _aعلى عبدالمنعم عبدالحميد
245 1 0 _aام حبيبة : وشخصيات اخرى /
_cعلى عبدالمنعم عبدالحميد
300 _a95 ص
490 _aرياض الايمان , نغمات من سيرة الرسول وصحب
_v0
650 0 4 _aالاطفال
650 0 4 _aالقصص
650 0 4 _aالقصص الدينية
942 _2ddc
_cBK
999 _c47841
_d47841